オスメスで姿が異なるポケモン - Statistics

General Stats
  • This quiz has been taken 28 times
  • The average score is 24 of 102
Answer Stats
ポケモン 備考 % Correct
ピカチュウ しっぽの形
91%
フシギバナ 背中の花
74%
ライチュウ しっぽの形
74%
バタフリー 羽の模様
70%
コイキング ヒゲの色
65%
コラッタ ヒゲの長さ
57%
ラッタ ヒゲの長さ
57%
ギャラドス ヒゲの色
57%
イエッサン 体つきや種族値など
48%
ラフレシア 花の模様
43%
ソーナンス 口紅の有無
43%
カエンジシ たてがみの形状など
43%
イーブイ しっぽの模様(第八世代以降)
39%
オクタン 吸盤の大きさ
39%
アゲハント 羽の模様
39%
ヒポポタス 体色
39%
カバルドン 体色
39%
ニャオニクス 体色や隠れ特性、覚えるわざなど
39%
クサイハナ 花の模様
35%
サイドン ツノの長さ
35%
フカマル 背びれの切れ込みの有無
35%
ガバイト 背びれの切れ込みの有無
35%
ガブリアス 背びれの切れ込みの有無
35%
プルリル 体色やまつげの位置など
35%
ブルンゲル 体色やまつげの位置など
35%
サイホーン ツノの長さ
30%
ヘラクロス ツノの形
30%
キリンリキ 体色の割合
26%
ドクケイル 触角の長さ
26%
ドンメル こぶの大きさ
26%
バクーダ こぶの大きさ
26%
ミツハニー 赤い模様の有無
26%
ケイコウオ ヒレの大きさ
26%
ドサイドン ツノの長さ
26%
パフュートン 体色や特性、種族値など
26%
ゴルバット キバの長さ
22%
ドードリオ 首の色
22%
トサキント ツノの長さ
22%
ミロカロス 眉の長さ
22%
コリンク たてがみの量
22%
ルクシオ たてがみの量
22%
レントラー たてがみの量
22%
グレッグル おなかの模様の位置
22%
ネオラント ヒレの大きさ
22%
ケンホロウ 頭の飾りなど
22%
ズバット キバの長さ
17%
フーディン ヒゲの長さ
17%
ドードー 首の色
17%
アズマオウ ツノの長さ
17%
ストライク 胴体の長さ
17%
ウソッキー ツノの長さ
17%
ニョロトノ 頬の大きさ
17%
ハッサム 胴体の長さ
17%
ニューラ 頭の長さ
17%
ヘルガー ツノの長さ
17%
アチャモ お尻の点の有無
17%
コノハナ 葉っぱの長さ
17%
ダーテング 葉っぱの長さ
17%
ビッパ しっぽの形
17%
ビーダル 顔の形
17%
ブイゼル 背中の模様
17%
フローゼル 背中の模様
17%
ドクロッグ 喉袋の大きさ
17%
ユキカブリ 胸元の模様
17%
ユキノオー 胸元の毛の長さ
17%
マニューラ 頭の長さ
17%
ユンゲラー ヒゲの長さ
13%
メガニウム 触角の長さ
13%
レディバ 触角の長さ
13%
レディアン 触角の長さ
13%
エイパム 頭の毛の長さ
13%
ウパー エラの形
13%
ヌオー 背びれの大きさ
13%
ヤミカラス 帽子の大きさ
13%
グライガー 針の大きさ
13%
イノムー キバの長さ
13%
ワカシャモ 頭の長さ
13%
バシャーモ 頭の長さ
13%
ロゼリア マントの長さ
13%
ノクタス 胴体の模様
13%
ムックル 頭の模様
13%
ムクバード 頭の模様
13%
ムクホーク 頭の模様
13%
ロズレイド マントの長さ
13%
エテボース 頭の毛の長さ
13%
モジャンボ 指先の色の割合
13%
マンムー キバの長さ
13%
イダイトウ 色合いや種族値など
13%
スリーパー たてがみの長さ
9%
ハガネール キバの数
9%
リングマ 肩の体毛の長さ
9%
ルンパッパ 縞模様の太さ
9%
ゴクリン ツノの大きさ
9%
ジーランス 頬骨の長さ
9%
パチリス 頭の縞の長さ
9%
ドンファン ツノの長さ
4%
マルノーム ヒゲの長さ
4%
コロボーシ 襟の大きさ
4%
コロトック ヒゲの長さ
4%
ネイティオ 縞の数
0%
アサナン 頭の突起の高さ
0%
チャーレム 頭の突起の高さ
0%
No matching quizzes found
Score Distribution
Percent of People with Each Score
Percentile by Number Answered
Your Score History
You have not taken this quiz